[Event "ENCI Limburg-open B"]
[Site "Maastricht"]
[Date "2009.05.31"]
[Round "4"]
[White "Guelpen, Markus"]
[Black "Schilperoort, Jeroen"]
[Result "1-0"]
[WhiteElo "2032"]
[BlackElo "1926"]
[PlyCount "105"]
[EventDate "2009.05.29"]
[EventType "swiss"]
[EventRounds "7"]
[EventCountry "NED"]
[Source "P.Boonen"]
[SourceDate "2010.01.01"]

1. e4 Nc6 2. d4 d5 3. Nc3 e6 4. exd5 exd5 5. Nf3 Bg4 6. Be2 Bb4 7. O-O Nge7 8.
h3 Bh5 9. Bf4 a6 10. Ne5 Nxe5 11. Bxe5 Bxe2 12. Nxe2 O-O 13. Qd3 Bd6 14. f4 Nc6
15. Qf3 Re8 16. Qxd5 Bxe5 17. Qxd8 Raxd8 18. dxe5 Rd2 19. Nc3 Red8 20. Rad1
Rxd1 21. Rxd1 Rxd1+ 22. Nxd1 Nd4 23. Kf2 Nxc2 24. g4 Kf8 25. Kf3 Ke7 26. f5 b5
27. Ke4 c6 28. Ne3 Ne1 29. b4 Kd7 30. h4 Ke7 31. h5 Kd7 32. g5 Ke7 33. a3 Kd7
34. h6 gxh6 35. gxh6 Ke7 36. Ng4 Nc2 37. Nf6 Nxa3 38. Nxh7 c5 39. Nf6 Kf8 40.
Nd7+ Kg8 41. e6 fxe6 42. fxe6 Nc4 43. Nf6+ Kf8 44. h7 Kg7 45. e7 cxb4 46. h8=Q+
Kxh8 47. e8=Q+ Kg7 48. Qe7+ Kg6 49. Nd5 b3 50. Qf6+ Kh7 51. Ne7 b2 52. Qg6+ Kh8
53. Qg8# 1-0

[Event "ENCI Limburg-open B"]
[Site "Maastricht"]
[Date "2009.05.31"]
[Round "4"]
[White "Herzet, Serge"]
[Black "Taverniers, Peter"]
[Result "1-0"]
[WhiteElo "1851"]
[BlackElo "1792"]
[PlyCount "87"]
[EventDate "2009.05.29"]
[EventType "swiss"]
[EventRounds "7"]
[EventCountry "NED"]
[Source "P.Boonen"]
[SourceDate "2010.01.01"]

1. e4 b6 2. d4 Bb7 3. Bd3 e6 4. Ne2 Nf6 5. f3 Be7 6. Be3 O-O 7. Qd2 Nc6 8. a3
a5 9. Nbc3 e5 10. d5 Na7 11. Bc4 d6 12. O-O c6 13. dxc6 Bxc6 14. Rad1 Qc7 15.
Bb3 Rfc8 16. Ng3 Nb5 17. Nce2 Na7 18. Nf5 Bf8 19. c3 Rd8 20. c4 b5 21. cxb5
Bxb5 22. Rf2 a4 23. Ba2 Qb7 24. Nc3 Bc6 25. Qe1 Nb5 26. Nxb5 Qxb5 27. Rfd2 Ne8
28. Bf2 g6 29. Ne3 Rab8 30. Rc2 Rdc8 31. Rdc1 Bd7 32. Bc4 Qb7 33. Nd5 Bb5 34.
Nb6 Rxc4 35. Nxc4 Bxc4 36. Rxc4 Qxb2 37. Rxa4 d5 38. exd5 Bxa3 39. Rd1 Bb4 40.
Qf1 Qb3 41. Raa1 Nd6 42. Rab1 Qa2 43. Qd3 Nc4 44. Ra1 1-0

[Event "ENCI Limburg-open B"]
[Site "Maastricht"]
[Date "2009.05.31"]
[Round "4"]
[White "Hesselmann, Hans"]
[Black "Suilen, Willem"]
[Result "1-0"]
[WhiteElo "1870"]
[BlackElo "1754"]
[PlyCount "131"]
[EventDate "2009.05.29"]
[EventType "swiss"]
[EventRounds "7"]
[EventCountry "NED"]
[Source "P.Boonen"]
[SourceDate "2010.01.01"]

1. e4 e5 2. Nf3 Nc6 3. Bb5 a6 4. Bxc6 dxc6 5. h3 Nf6 6. d3 Bd6 7. O-O Qe7 8.
Nc3 Bd7 9. Bg5 h6 10. Bxf6 gxf6 11. Ne2 f5 12. exf5 Bxf5 13. Ng3 Bd7 14. d4 f6
15. dxe5 fxe5 16. Re1 O-O-O 17. Qe2 Rde8 18. Ne4 Rhg8 19. Kh1 Qe6 20. Rg1 Ref8
21. Rad1 Rf4 22. Nh2 Qg6 23. f3 Rf7 24. c4 Rfg7 25. Qf2 Kb8 26. c5 Bf8 27. b4
Kc8 28. a4 Bf5 29. Rde1 Be7 30. Ng4 Bxg4 31. fxg4 h5 32. Qf5+ Qxf5 33. gxf5 Bh4
34. Re3 Rf7 35. Rf3 Rgf8 36. g3 Be7 37. g4 hxg4 38. hxg4 Rg8 39. Rg2 Bg5 40.
Kg1 Rd7 41. f6 Rf7 42. Rf5 Bf4 43. g5 Rg6 44. Rg4 Kd7 45. Kg2 Ke6 46. Rfxf4
exf4 47. Rxf4 Rf8 48. Kg3 Ke5 49. Kg4 Ke6 50. Nc3 Kf7 51. Re4 Re8 52. Kf5 Rxe4
53. Nxe4 Rg8 54. g6+ Kf8 55. g7+ Rxg7 56. fxg7+ Kxg7 57. Ke6 Kg6 58. Nd6 b6 59.
Nb7 b5 60. a5 Kg5 61. Kd7 Kf4 62. Kxc7 Ke4 63. Kxc6 Kd4 64. Nd6 Kc3 65. Nxb5+
Kxb4 66. Nc7 1-0

[Event "ENCI Limburg-open B"]
[Site "Maastricht"]
[Date "2009.05.31"]
[Round "4"]
[White "Hoelting, Siegfried"]
[Black "De Ridder, Dieter"]
[Result "1/2-1/2"]
[WhiteElo "1780"]
[BlackElo "1882"]
[PlyCount "104"]
[EventDate "2009.05.29"]
[EventType "swiss"]
[EventRounds "7"]
[EventCountry "NED"]
[Source "P.Boonen"]
[SourceDate "2010.01.01"]

1. e4 e6 2. d4 d5 3. exd5 exd5 4. Nf3 Bg4 5. Be2 Bd6 6. Bg5 Ne7 7. Nbd2 Nbc6 8.
O-O Qd7 9. Bb5 f6 10. Be3 O-O-O 11. c4 Bb4 12. Qa4 Bxd2 13. Nxd2 dxc4 14. Rac1
a6 15. Nxc4 Be2 16. Nb6+ cxb6 17. Bxe2 Nd5 18. Bxa6 bxa6 19. Rxc6+ Kb7 20. Rfc1
Rhe8 21. Qc4 Rc8 22. Rxc8 Rxc8 23. Qxc8+ Qxc8 24. Rxc8 Kxc8 25. Kf1 Kd7 26. Ke2
Kd6 27. a3 f5 28. g3 g6 29. h3 h5 30. f3 Ne7 31. Kd3 Kd5 32. Bg5 Nc6 33. Bf6 b5
34. Kc3 Ke6 35. Bg7 Kd5 36. h4 Nd8 37. b3 Ne6 38. Be5 Nd8 39. Kd3 Nc6 40. Bf6
Na5 41. Kc3 Nc6 42. b4 Ke6 43. Bg5 Na7 44. Kd3 Nc8 45. Bf4 Nb6 46. Bc1 Nc4 47.
a4 Nb6 48. axb5 axb5 49. Bh6 Nd5 50. Bf8 Kf7 51. Bc5 Ke6 52. Ke2 Kf6 1/2-1/2

[Event "ENCI Limburg-open B"]
[Site "Maastricht"]
[Date "2009.05.31"]
[Round "4"]
[White "Klein, Gernot"]
[Black "Smit, Melvin"]
[Result "1/2-1/2"]
[WhiteElo "1891"]
[BlackElo "1812"]
[PlyCount "136"]
[EventDate "2009.05.29"]
[EventType "swiss"]
[EventRounds "7"]
[EventCountry "NED"]
[Source "P.Boonen"]
[SourceDate "2010.01.01"]

1. e4 d5 2. exd5 Qxd5 3. Nc3 Qd6 4. d4 Nf6 5. Be2 a6 6. Nf3 Nc6 7. O-O Bg4 8.
Re1 e6 9. d5 Nb4 10. dxe6 Bxe6 11. Qxd6 Bxd6 12. Nd4 O-O-O 13. a3 Nbd5 14. Nxe6
fxe6 15. Bd2 e5 16. Rad1 Nf4 17. Bf3 Rhe8 18. Ne4 Bf8 19. g3 Ne6 20. c3 Nc5 21.
Nxc5 Bxc5 22. b4 Bb6 23. c4 Bd4 24. h3 e4 25. Bg2 Bb2 26. a4 Rd4 27. Bc1 Rxd1
28. Rxd1 Bxc1 29. Rxc1 Rd8 30. b5 axb5 31. axb5 Rd4 32. Kf1 Kd7 33. Ke2 Ke6 34.
Bf1 Ke5 35. Ke3 Ne8 36. Ra1 Nd6 37. Rc1 Nf5+ 38. Ke2 Rd3 39. Ke1 Rd6 40. c5 Rd8
41. b6 cxb6 42. cxb6 Rd6 43. Rc5+ Kf6 44. Rb5 e3 45. fxe3 Nxe3 46. Be2 Nc2+ 47.
Kf2 Nd4 48. Rb1 Nxe2 49. Kxe2 Ke5 50. Ke3 Kd5 51. Rf1 Rxb6 52. Rf7 Rg6 53. g4
Kc6 54. Kd4 Rd6+ 55. Kc4 Rd7 56. Rf5 Re7 57. Rc5+ Kb6 58. Rb5+ Ka6 59. Rg5 b6
60. h4 h6 61. Rg6 Ka5 62. g5 b5+ 63. Kc5 hxg5 64. Rxg5 Rb7 65. h5 Rf7 66. Re5
Rc7+ 67. Kd6 Rc4 68. Rf5 Rd4+ 1/2-1/2

[Event "ENCI Limburg-open B"]
[Site "Maastricht"]
[Date "2009.05.31"]
[Round "4"]
[White "Klein, Leo"]
[Black "Sofic, Narcis"]
[Result "0-1"]
[WhiteElo "2037"]
[BlackElo "1866"]
[PlyCount "104"]
[EventDate "2009.05.29"]
[EventType "swiss"]
[EventRounds "7"]
[EventCountry "NED"]
[Source "P.Boonen"]
[SourceDate "2010.01.01"]

1. d4 d5 2. c3 Nf6 3. Bf4 c6 4. Nd2 Bf5 5. Qb3 Qb6 6. Ngf3 Nbd7 7. Ne5 Nxe5 8.
Bxe5 Nd7 9. Bf4 e6 10. e3 Be7 11. Be2 O-O 12. O-O Rac8 13. c4 Qxb3 14. axb3 a6
15. f3 g5 16. Bg3 Bb4 17. Rfd1 Bc2 18. Rdc1 Bxd2 19. Rxc2 Bxe3+ 20. Bf2 Bxf2+
21. Kxf2 Kg7 22. g3 Rcd8 23. f4 h6 24. Bd3 Rfe8 25. c5 f5 26. h3 Nf6 27. Kf3
Ne4 28. Rg1 Kf6 29. Rcg2 Rg8 30. g4 gxf4 31. Kxf4 Ng5 32. Rg3 Ne4 33. R3g2 Rd7
34. gxf5 Rxg2 35. Rxg2 exf5 36. Rg8 Rf7 37. Be2 Ng5 38. Bh5 Ne6+ 39. Ke3 Rg7
40. Rh8 f4+ 41. Kf2 Kg5 42. Be2 Nxd4 43. h4+ Kxh4 44. Rxh6+ Kg5 45. Rh5+ Kg6
46. Rh3 Nxe2 47. Kxe2 Kf5 48. Rh5+ Ke6 49. Kd2 d4 50. Rh2 Rg3 51. b4 Rb3 52.
Re2+ Kd5 0-1

[Event "ENCI Limburg-open B"]
[Site "Maastricht"]
[Date "2009.05.31"]
[Round "4"]
[White "Kuck, Ulrich"]
[Black "Dalemans, Diana"]
[Result "1-0"]
[WhiteElo "1937"]
[BlackElo "1852"]
[PlyCount "63"]
[EventDate "2009.05.29"]
[EventType "swiss"]
[EventRounds "7"]
[EventCountry "NED"]
[Source "P.Boonen"]
[SourceDate "2010.01.01"]

1. e4 c5 2. c3 d5 3. exd5 Qxd5 4. d4 Nc6 5. Nf3 e6 6. Be3 cxd4 7. cxd4 Nf6 8.
Nc3 Qd8 9. a3 Be7 10. Bd3 O-O 11. O-O b6 12. Rc1 Bb7 13. Bb1 Re8 14. Qd3 Bf8
15. Bg5 g6 16. Rcd1 Nb8 17. Rfe1 Bg7 18. Ne5 Qd6 19. Re3 Na6 20. b4 Nc7 21. Rh3
Nd7 22. f4 Nxe5 23. fxe5 Qc6 24. Qe2 Qd7 25. Qe1 Rac8 26. Qh4 h5 27. Bf6 Nd5
28. Ne4 Nxf6 29. Nxf6+ Bxf6 30. exf6 Qd5 31. Rg3 Kh7 32. Rg5 1-0

[Event "ENCI Limburg-open B"]
[Site "Maastricht"]
[Date "2009.05.31"]
[Round "4"]
[White "Moog, Gerhard"]
[Black "Laarhoven, Marcel"]
[Result "1-0"]
[WhiteElo "1794"]
[BlackElo "1872"]
[PlyCount "95"]
[EventDate "2009.05.29"]
[EventType "swiss"]
[EventRounds "7"]
[EventCountry "NED"]
[Source "P.Boonen"]
[SourceDate "2010.01.01"]

1. e4 c6 2. d4 d5 3. e5 Bf5 4. Bd3 Bxd3 5. Qxd3 e6 6. f4 c5 7. c3 Qb6 8. Ne2
Nc6 9. a3 Rc8 10. b4 cxb4 11. axb4 Bxb4 12. O-O Be7 13. Be3 Nh6 14. Nd2 O-O 15.
Rfb1 Qc7 16. h3 Nf5 17. Bf2 g6 18. g4 Ng7 19. Bg3 a6 20. Kh2 Ra8 21. Rg1 Kh8
22. Raf1 Qd7 23. Nf3 b5 24. Nh4 f5 25. exf6 Rxf6 26. f5 exf5 27. gxf5 Nxf5 28.
Nxf5 Rxf5 29. Rxf5 Qxf5 30. Qxf5 gxf5 31. Nf4 Rd8 32. Re1 b4 33. Re6 Rc8 34.
cxb4 Bxb4 35. Nxd5 a5 36. Nb6 Nd8 37. Re8+ Kg7 38. Nxc8 Nc6 39. Re6 Nd8 40. Rb6
Kf7 41. d5 Ke8 42. Nd6+ Kd7 43. Nxf5 Bd2 44. Rd6+ Ke8 45. Rb6 Kd7 46. Ra6 Bb4
47. Ra7+ Ke8 48. Bd6 1-0

[Event "ENCI Limburg-open B"]
[Site "Maastricht"]
[Date "2009.05.31"]
[Round "4"]
[White "Obels, Pepijn"]
[Black "Kocur, Marc"]
[Result "1-0"]
[WhiteElo "1813"]
[BlackElo "1887"]
[PlyCount "55"]
[EventDate "2009.05.29"]
[EventType "swiss"]
[EventRounds "7"]
[EventCountry "NED"]
[Source "P.Boonen"]
[SourceDate "2010.01.01"]

1. e4 d6 2. Nf3 Nf6 3. Nc3 Nbd7 4. d4 e5 5. Bc4 Be7 6. O-O h6 7. a3 c6 8. Qe2
a6 9. Rd1 Qc7 10. a4 Nf8 11. a5 g5 12. Be3 Bg4 13. dxe5 Bxf3 14. Qxf3 dxe5 15.
Bb6 Qc8 16. Na4 Ng6 17. Nc5 O-O 18. Rd2 g4 19. Qe3 Nf4 20. Kh1 Kg7 21. Rad1 Ne6
22. Bxe6 fxe6 23. Nd7 Nxd7 24. Rxd7 Rf7 25. Qg3 Qf8 26. Qxg4+ Kh7 27. Qxe6 Re8
28. R1d6 1-0

[Event "ENCI Limburg-open B"]
[Site "Maastricht"]
[Date "2009.05.31"]
[Round "4"]
[White "Pijlman, Rene"]
[Black "Andriulevicius, Orestas"]
[Result "1-0"]
[WhiteElo "1886"]
[BlackElo "1772"]
[PlyCount "81"]
[EventDate "2009.05.29"]
[EventType "swiss"]
[EventRounds "7"]
[EventCountry "NED"]
[Source "P.Boonen"]
[SourceDate "2010.01.01"]

1. e4 c5 2. Nc3 Nc6 3. f4 d6 4. Nf3 g6 5. Bb5 Bg7 6. O-O a6 7. Bxc6+ bxc6 8. d3
e6 9. Qe1 Ne7 10. Kh1 O-O 11. f5 exf5 12. Qh4 h5 13. Bf4 fxe4 14. dxe4 d5 15.
Rad1 Bg4 16. h3 Bxf3 17. Rxf3 Nc8 18. Qg3 d4 19. e5 Ne7 20. Bg5 Qc7 21. Ne4
Bxe5 22. Nf6+ Kh8 23. Qh4 Nd5 24. g4 Nxf6 25. Bxf6+ Bxf6 26. Qxf6+ Kh7 27. gxh5
Rae8 28. Rg1 Rg8 29. hxg6+ fxg6 30. Rf4 Rg7 31. Rh4+ Kg8 32. Rxg6 Re2 33. Rxg7+
Qxg7 34. Rg4 Re1+ 35. Kg2 Re2+ 36. Kf3 Re3+ 37. Kf2 Qxg4 38. hxg4 Rh3 39. Qe5
c4 40. Qe6+ Kh8 41. Qxc4 1-0

[Event "ENCI Limburg-open B"]
[Site "Maastricht"]
[Date "2009.05.31"]
[Round "4"]
[White "Probst, Patrick"]
[Black "Staudte, Rainer"]
[Result "1-0"]
[WhiteElo "1985"]
[BlackElo "1855"]
[PlyCount "42"]
[EventDate "2009.05.29"]
[EventType "swiss"]
[EventRounds "7"]
[EventCountry "NED"]
[Source "P.Boonen"]
[SourceDate "2010.01.01"]

1. d4 d5 2. Nf3 Nf6 3. c4 e6 4. Nc3 Nbd7 5. e3 c6 6. Bd3 Bd6 7. O-O O-O 8. Qe2
dxc4 9. Bxc4 e5 10. Rd1 Qe7 11. e4 exd4 12. Nxd4 Ne5 13. Bb3 Bc5 14. h3 Bxd4
15. Rxd4 Ng6 16. f4 Qc5 17. Qf2 Re8 18. Be3 Qe7 19. e5 Nd7 20. Rad1 Nc5 21. Bc2
Qh4 1-0

[Event "ENCI Limburg-open B"]
[Site "Maastricht"]
[Date "2009.05.31"]
[Round "4"]
[White "Reenaers, Johan"]
[Black "Kuciapa, Andre"]
[Result "1-0"]
[WhiteElo "1776"]
[BlackElo "1819"]
[PlyCount "151"]
[EventDate "2009.05.29"]
[EventType "swiss"]
[EventRounds "7"]
[EventCountry "NED"]
[Source "P.Boonen"]
[SourceDate "2010.01.01"]

1. e4 c5 2. d4 cxd4 3. c3 dxc3 4. Nxc3 e6 5. Nf3 g6 6. Bc4 Bg7 7. O-O Ne7 8.
Qe2 O-O 9. Bf4 Nbc6 10. Nb5 a6 11. Bc7 axb5 12. Bxd8 bxc4 13. Bxe7 Nxe7 14. a4
b6 15. Qxc4 Ba6 16. Qb4 Nc6 17. Qxb6 Bxf1 18. Kxf1 Rfb8 19. Qc7 Ra7 20. Qf4
Rxb2 21. Rd1 Rxa4 22. Rxd7 Ra1+ 23. Ne1 Ne5 24. Rd8+ Bf8 25. Qxe5 Rbb1 26. Qc3
Rc1 27. Qb4 Rxe1+ 28. Qxe1 Rxe1+ 29. Kxe1 Kg7 30. Ke2 Be7 31. Rd7 Bc5 32. f4
Bg1 33. h3 Bh2 34. Kf3 e5 35. g3 exf4 36. gxf4 h6 37. Kg4 Bg1 38. e5 Kf8 39.
Rb7 Be3 40. Kf3 Bd2 41. Ke4 h5 42. Rb2 Bc3 43. Rc2 Be1 44. Kd5 Bg3 45. Rc4 Ke7
46. Ra4 Bh4 47. Ra7+ Ke8 48. Kd6 Kf8 49. Kd7 Bg3 50. Ra4 g5 51. fxg5 Bxe5 52.
Rh4 Kg7 53. Re4 Bg3 54. Ke7 Kg6 55. h4 Bh2 56. Ra4 Bg3 57. Rc4 Bh2 58. Rc6+ Kg7
59. Rh6 Be5 60. Rxh5 f5 61. Rh6 f4 62. Re6 Bb2 63. Re2 Ba3+ 64. Ke6 Kg6 65. Rf2
Bc1 66. Ke5 Kh5 67. Rxf4 Bb2+ 68. Kf5 Bc1 69. Rg4 Bd2 70. g6 Bc3 71. g7 Bxg7
72. Rxg7 Kh6 73. Rg5 Kh7 74. Rg6 Kh8 75. Kf6 Kh7 76. Kf7 1-0

[Event "ENCI Limburg-open B"]
[Site "Maastricht"]
[Date "2009.05.31"]
[Round "4"]
[White "Schmitz, Martin"]
[Black "Snoeck, Rene"]
[Result "0-1"]
[WhiteElo "1838"]
[BlackElo "1916"]
[PlyCount "70"]
[EventDate "2009.05.29"]
[EventType "swiss"]
[EventRounds "7"]
[EventCountry "NED"]
[Source "P.Boonen"]
[SourceDate "2010.01.01"]

1. e4 c6 2. d4 d5 3. exd5 cxd5 4. Bd3 Nc6 5. c3 Nf6 6. h3 Qc7 7. Nf3 g6 8. Bg5
Bg7 9. Nbd2 Bd7 10. O-O O-O 11. Re1 Rfe8 12. Bh4 Qc8 13. Bg3 Bf5 14. Bxf5 Qxf5
15. Nh4 Qd7 16. Nhf3 b5 17. Nb3 Ne4 18. Bh2 a5 19. Nfd2 Nxd2 20. Qxd2 b4 21.
Nc5 Qa7 22. Qg5 e5 23. a3 bxc3 24. bxc3 h6 25. Qg4 exd4 26. Rxe8+ Rxe8 27. Bd6
dxc3 28. Qf3 Nd4 29. Qxd5 Ne2+ 30. Kh2 c2 31. Qc6 Qa8 32. Qa4 Bxa1 33. Qxc2 Qc6
34. Qd1 Bg7 35. a4 Nd4 0-1

[Event "ENCI Limburg-open B"]
[Site "Maastricht"]
[Date "2009.05.31"]
[Round "4"]
[White "Schubert, Karl"]
[Black "Ingelaere, Frederic"]
[Result "1/2-1/2"]
[WhiteElo "1850"]
[BlackElo "1700"]
[PlyCount "90"]
[EventDate "2009.05.29"]
[EventType "swiss"]
[EventRounds "7"]
[EventCountry "NED"]
[Source "P.Boonen"]
[SourceDate "2010.01.01"]

1. e4 c5 2. Nc3 Nc6 3. g3 g6 4. Bg2 Bg7 5. d3 d6 6. f4 Bd7 7. Nf3 Rb8 8. a4 Nd4
9. h3 a6 10. O-O e6 11. Ne2 Nxf3+ 12. Bxf3 b5 13. axb5 axb5 14. c3 b4 15. Be3
Ne7 16. g4 Nc6 17. e5 bxc3 18. bxc3 dxe5 19. Bxc5 exf4 20. Bd6 Ra8 21. Bxf4 O-O
22. Bd6 Re8 23. Bg2 Rxa1 24. Qxa1 Na5 25. Qa3 Qb6+ 26. Bc5 Qc7 27. Rb1 Bf8 28.
Bb4 Rb8 29. Rc1 Qb6+ 30. Kh1 Bxb4 31. cxb4 Qxb4 32. Qxb4 Rxb4 33. Rc7 Bb5 34.
Rc8+ Kg7 35. Bf3 Bxd3 36. Ng3 Nc4 37. Kg1 Nd2 38. Kf2 Nxf3 39. Kxf3 e5 40. g5
e4+ 41. Kf4 h6 42. h4 hxg5+ 43. hxg5 Bb1 44. Rc7 e3+ 45. Kxe3 Rb3+ 1/2-1/2

[Event "ENCI Limburg-open B"]
[Site "Maastricht"]
[Date "2009.05.31"]
[Round "4"]
[White "Sewalt, Vincent"]
[Black "Beeren, Thom"]
[Result "1/2-1/2"]
[WhiteElo "1954"]
[BlackElo "1807"]
[PlyCount "48"]
[EventDate "2009.05.29"]
[EventType "swiss"]
[EventRounds "7"]
[EventCountry "NED"]
[Source "P.Boonen"]
[SourceDate "2010.01.01"]

1. c4 e5 2. Nc3 f5 3. e3 Nc6 4. d4 d6 5. g3 Bd7 6. Bg2 Nf6 7. Nge2 Be7 8. a3 a5
9. Rb1 O-O 10. O-O Be8 11. b4 axb4 12. axb4 e4 13. Nf4 Bf7 14. Ncd5 Nxd5 15.
cxd5 Nb8 16. b5 g5 17. Ne6 Bxe6 18. dxe6 d5 19. Bd2 Qd6 20. Qc2 c6 21. Bb4 Qxe6
22. Bxe7 Qxe7 23. Rb2 Qc7 24. Rfb1 Rf7 1/2-1/2

[Event "ENCI Limburg-open B"]
[Site "Maastricht"]
[Date "2009.05.31"]
[Round "4"]
[White "Smeets, Wouter"]
[Black "Von Meijenfeldt, Bart"]
[Result "0-1"]
[WhiteElo "1877"]
[BlackElo "1984"]
[PlyCount "100"]
[EventDate "2009.05.29"]
[EventType "swiss"]
[EventRounds "7"]
[EventCountry "NED"]
[Source "P.Boonen"]
[SourceDate "2010.01.01"]

1. Nf3 Nf6 2. c4 g6 3. Nc3 Bg7 4. g3 O-O 5. Bg2 d6 6. O-O e5 7. b3 Nbd7 8. Bb2
a5 9. e3 e4 10. Ne1 Re8 11. d3 Nc5 12. d4 Na6 13. a3 c6 14. Nc2 d5 15. cxd5
cxd5 16. f3 Bf5 17. f4 Qb6 18. Ne1 Bg4 19. Qc2 Rac8 20. h3 Bd7 21. Qd1 Nc7 22.
Rc1 a4 23. b4 Qa7 24. Rf2 b5 25. Rfc2 Na8 26. Bf1 Qb8 27. Nb1 Nc7 28. Qe2 Red8
29. Nc3 Nfe8 30. Nb1 Nd6 31. Nd2 Na8 32. Rxc8 Rxc8 33. g4 Nb6 34. Qd1 Bf6 35.
Ng2 Be7 36. Be2 h6 37. Rxc8+ Qxc8 38. Qc1 Nbc4 39. Nxc4 Nxc4 40. Bxc4 bxc4 41.
Bc3 f5 42. Qd1 fxg4 43. hxg4 Bxg4 44. Qxa4 Bf3 45. Qc2 Qg4 46. Kh2 Bh4 47. Be1
Bxe1 48. b5 Qxg2+ 49. Qxg2 Bxg2 50. Kxg2 Ba5 0-1

[Event "ENCI Limburg-open B"]
[Site "Maastricht"]
[Date "2009.05.31"]
[Round "4"]
[White "Smits, Benjamin"]
[Black "Ekat, Michael"]
[Result "1/2-1/2"]
[WhiteElo "1950"]
[BlackElo "1930"]
[PlyCount "26"]
[EventDate "2009.05.29"]
[EventType "swiss"]
[EventRounds "7"]
[EventCountry "NED"]
[Source "P.Boonen"]
[SourceDate "2010.01.01"]

1. e4 d6 2. d4 Nf6 3. Nc3 g6 4. Bg5 Bg7 5. Qd2 O-O 6. f3 c6 7. a4 Qc7 8. Nge2
e5 9. Bxf6 Bxf6 10. d5 a6 11. a5 Bg7 12. Ng3 Nd7 13. Bc4 c5 1/2-1/2

[Event "ENCI Limburg-open B"]
[Site "Maastricht"]
[Date "2009.05.31"]
[Round "4"]
[White "Spoelstra, Henri"]
[Black "Ibrahim, Ashraf"]
[Result "0-1"]
[WhiteElo "1717"]
[BlackElo "1805"]
[PlyCount "80"]
[EventDate "2009.05.29"]
[EventType "swiss"]
[EventRounds "7"]
[EventCountry "NED"]
[Source "P.Boonen"]
[SourceDate "2010.01.01"]

1. d4 Nf6 2. Bf4 e6 3. Nf3 b6 4. e3 Bb7 5. Nbd2 Be7 6. h3 d6 7. c3 Nbd7 8. Bd3
Nf8 9. Qc2 Ng6 10. Bh2 Nd7 11. O-O-O c5 12. Rhg1 a6 13. Ne4 Bxe4 14. Bxe4 d5
15. Bxg6 hxg6 16. e4 c4 17. exd5 exd5 18. Rde1 O-O 19. Re2 Nf6 20. Rge1 Bd6 21.
Be5 b5 22. Bxd6 Qxd6 23. Ne5 a5 24. f4 Ne4 25. g4 b4 26. Rxe4 dxe4 27. Qxe4
bxc3 28. Nxc4 cxb2+ 29. Kb1 Qb4 30. Ne5 Rac8 31. Nd3 Qb5 32. Qf3 Rc3 33. Rd1
Re8 34. f5 g5 35. f6 gxf6 36. Qf1 Kg7 37. h4 Re3 38. Nc5 Rc1+ 39. Rxc1 bxc1=Q+
40. Kxc1 Qxf1+ 0-1

[Event "ENCI Limburg-open B"]
[Site "Maastricht"]
[Date "2009.05.31"]
[Round "4"]
[White "Swijsen, Lars"]
[Black "Henrichs, Wenke"]
[Result "1-0"]
[WhiteElo "1860"]
[BlackElo "2033"]
[PlyCount "53"]
[EventDate "2009.05.29"]
[EventType "swiss"]
[EventRounds "7"]
[EventCountry "NED"]
[Source "P.Boonen"]
[SourceDate "2010.01.01"]

1. e4 c5 2. c3 Nf6 3. e5 Nd5 4. d4 cxd4 5. Nf3 d6 6. cxd4 e6 7. Nc3 Nxc3 8.
bxc3 Qc7 9. Bd2 Nc6 10. exd6 Bxd6 11. Bd3 b6 12. O-O Bb7 13. Re1 Na5 14. Ne5 g6
15. Bb5+ Ke7 16. Bg5+ f6 17. Qg4 Bxe5 18. Rxe5 Qd6 19. Rae1 Bd5 20. c4 Nxc4 21.
Rxe6+ Qxe6 22. Rxe6+ Bxe6 23. Qe2 Rac8 24. d5 Ne5 25. Qxe5 Rc1+ 26. Bf1 fxg5
27. Qxe6+ 1-0

[Event "ENCI Limburg-open B"]
[Site "Maastricht"]
[Date "2009.05.31"]
[Round "4"]
[White "Titgemeyer, Sven"]
[Black "Heijenrath, Jan"]
[Result "1-0"]
[WhiteElo "1889"]
[BlackElo "1793"]
[PlyCount "79"]
[EventDate "2009.05.29"]
[EventType "swiss"]
[EventRounds "7"]
[EventCountry "NED"]
[Source "P.Boonen"]
[SourceDate "2010.01.01"]

1. e4 c5 2. Nf3 d6 3. d4 cxd4 4. Nxd4 Nf6 5. Nc3 a6 6. Bg5 e6 7. f4 Be7 8. Qf3
Qc7 9. O-O-O h6 10. Bh4 Nc6 11. Bf2 Nxd4 12. Rxd4 Bd7 13. Kb1 O-O 14. Rd1 b5
15. Bd3 Rfc8 16. g4 b4 17. Ne2 Bb5 18. h4 Bxd3 19. cxd3 Qc2+ 20. Ka1 Qa4 21.
Nd4 e5 22. Nb3 Rc2 23. g5 Rac8 24. gxf6 Rxb2 25. Kxb2 Qa3+ 26. Kb1 Rc3 27. Qe2
Bxf6 28. f5 a5 29. Qb2 Qa4 30. Be1 Rc6 31. Rc1 Qb5 32. Rxc6 Qxc6 33. Qc2 Qa6
34. Qc4 Qa7 35. Qc2 a4 36. Nc1 b3 37. axb3 axb3 38. Nxb3 d5 39. Bf2 Qb7 40. Rc1
1-0

[Event "ENCI Limburg-open B"]
[Site "Maastricht"]
[Date "2009.05.31"]
[Round "4"]
[White "Titgemeyer, Thomas"]
[Black "Lenaerts, Lennert"]
[Result "1/2-1/2"]
[WhiteElo "1799"]
[BlackElo "1720"]
[PlyCount "53"]
[EventDate "2009.05.29"]
[EventType "swiss"]
[EventRounds "7"]
[EventCountry "NED"]
[Source "P.Boonen"]
[SourceDate "2010.01.01"]

1. d4 Nf6 2. c4 c5 3. e3 g6 4. Nc3 Bg7 5. Nf3 O-O 6. g3 b6 7. Bg2 Bb7 8. O-O d6
9. Re1 Nbd7 10. d5 Ng4 11. Bd2 Nge5 12. Nxe5 Nxe5 13. Qe2 Ba6 14. b3 Qc7 15.
Rac1 Nd7 16. e4 Rab8 17. Nb5 Bxb5 18. cxb5 Rfe8 19. Bc3 Bxc3 20. Rxc3 e6 21.
Re3 Nf6 22. dxe6 Rxe6 23. e5 dxe5 24. Bc6 e4 25. Bxe4 Nxe4 26. Rxe4 Rbe8 27.
Qc4 1/2-1/2

[Event "ENCI Limburg-open B"]
[Site "Maastricht"]
[Date "2009.05.31"]
[Round "4"]
[White "Uckerman, John"]
[Black "Vandersmissen, Hans"]
[Result "1/2-1/2"]
[WhiteElo "1687"]
[BlackElo "1792"]
[PlyCount "66"]
[EventDate "2009.05.29"]
[EventType "swiss"]
[EventRounds "7"]
[EventCountry "NED"]
[Source "P.Boonen"]
[SourceDate "2010.01.01"]

1. e4 d5 2. exd5 Nf6 3. d4 Nxd5 4. g3 Nc6 5. Bg2 Nf6 6. Nf3 Bg4 7. c3 e6 8. O-O
Be7 9. Qd3 e5 10. Qb5 Bd7 11. Nxe5 Nxd4 12. Qc4 Ne6 13. Bxb7 Rb8 14. Bc6 O-O
15. Bxd7 Nxd7 16. Nc6 Nb6 17. Qe2 Qd7 18. Nxb8 Rxb8 19. Be3 Qc6 20. Nd2 Bg5 21.
Rfe1 Bxe3 22. fxe3 Ng5 23. Qg4 h6 24. h4 Ne6 25. Rad1 Nc5 26. Qf3 Qg6 27. e4
Rd8 28. Nb3 Rxd1 29. Rxd1 Nxe4 30. Kg2 Nc4 31. Rd4 Ncd6 32. Na5 c5 33. Rd1 Nxg3
1/2-1/2

[Event "ENCI Limburg-open B"]
[Site "Maastricht"]
[Date "2009.05.31"]
[Round "4"]
[White "Van Liempt, Michael"]
[Black "Hauglustaine, Sander"]
[Result "1-0"]
[WhiteElo "1882"]
[BlackElo "1667"]
[PlyCount "55"]
[EventDate "2009.05.29"]
[EventType "swiss"]
[EventRounds "7"]
[EventCountry "NED"]
[Source "P.Boonen"]
[SourceDate "2010.01.01"]

1. Nf3 c5 2. g3 g6 3. Bg2 Bg7 4. O-O d6 5. c3 Nc6 6. Na3 Bd7 7. Nc2 Qc8 8. Re1
Nf6 9. e4 Bg4 10. d4 cxd4 11. cxd4 Nd7 12. h3 Bxf3 13. Bxf3 O-O 14. Be3 Qc7 15.
Rc1 Qa5 16. a3 Rab8 17. Bg2 Rfc8 18. f4 b5 19. b4 Qa4 20. e5 dxe5 21. dxe5 Nb6
22. Bxb6 Rxb6 23. Nd4 Rd8 24. Qxa4 bxa4 25. Nxc6 Rd3 26. Nxe7+ Kf8 27. Nd5 Rb8
28. Re3 1-0